Zmeny v právnej úprave sociálneho poistenia účinné od 15. apríla 2004

Novelizácia zákona č. 461/2003 Z.z. o sociálnom poistení. Osobný rozsah dôchodkového poistenia. Osobný rozsah garančného poistenia. Invalidita a invalidný dôchodok. Nárok na výplatu starobného dôchodku.

Enregistré dans:
Détails bibliographiques
Auteur principal: Novotná, Eleonóra
Format: Chapitre de livre
Langue:slovaque
Sujets:
Tags: Ajouter un tag
Pas de tags, Soyez le premier à ajouter un tag!

MARC

LEADER 00000naa$a2200000$$$4500
001 0012048
005 20231106070131.9
041 0 |a slo 
044 |a SK 
245 1 0 |a Zmeny v právnej úprave sociálneho poistenia účinné od 15. apríla 2004  |c aut. Eleonóra Novotná 
520 |a Novelizácia zákona č. 461/2003 Z.z. o sociálnom poistení. Osobný rozsah dôchodkového poistenia. Osobný rozsah garančného poistenia. Invalidita a invalidný dôchodok. Nárok na výplatu starobného dôchodku. 
610 2 0 |a poistenie sociálne 
610 2 0 |a úpravy právne 
610 2 0 |a poistenie dôchodkové 
610 2 0 |a poistenie garančné 
610 2 0 |a dôchodky invalidné 
610 2 0 |a dôchodky starobné 
610 2 0 |a Slovensko 
100 1 |a Novotná, Eleonóra